UFC: Current Fighters With Undefeated MMA Records - Statistics

General Stats
  • This quiz has been taken 3,490 times
    2,079 since last reset
  • The average score is 5 of 17
Answer Stats
Country UFC Division Overall Record UFC Record Answer % Correct
GEO FTW 16-0 8-0 Ilia Topuria
87%
RUS MW/WW 14-0 8-0 Khamzat Chimaev
84%
KAZ WW 19-0 7-0 Shavkat Rakhmonov
70%
RUS FTW 19-0 9-0 Movsar Evloev
61%
RUS BW 18-0 6-0 Umar Nurmagomedov
58%
ENG FTW 15-0-1 7-0-1 Lerone Murphy
47%
ECU WW 17-0 6-0 Michael Morales
41%
RUS LHW 14-0 5-0 Azamat Murzakanov
18%
ENG HW 10-0 5-0 Mick Parkin
16%
RUS MW 15-0 4-0 Sharabutdin Magomedov
16%
USA W-SW 10-0 7-0 Tatiana Suarez
16%
AFG BW 13-0 5-0 Farid Basharat
12%
JAP BW 9-0 3-0 Rinya Nakamura
7%
PER BW 16-0 4-0 Daniel Marcos
6%
BRA FW 10-0 4-0 André Lima
3%
BRA BW 16-0 3-0 Jean Matsumoto
3%
USA FTW 10-0 3-0 Hyder Amil
1%
No matching quizzes found
Score Distribution
Percent of People with Each Score
Percentile by Number Answered
Your Score History
You have not taken this quiz since the last reset